Statistics for Countries In the Arctic Circle

Click here to take the quiz!

General Stats

  • This quiz has been taken 2,752 times
  • The average score is 8 of 8

Answer Stats

Country% Correct
Norway
99%
Russia
99%
Sweden
99%
Canada
98%
Finland
98%
Greenland (Denmark)
95%
Iceland
95%
United States
95%

Score Distribution

Percentile by Number Answered

Percent of People with Each Score

Your Score History

You have not taken this quiz